Najpopularniejsi Polscy YouTuberzy 2020 - Statystyki

Ogólne statystyki
  • Ten quiz został rozwiązany 1 316 razy
  • Średni wynik to 5 z 10
Statystyki odpowiedzi
Liczba Subskrypcji Youtuber % Poprawnych
4 250 000 Blowek
95%
3 020 000 Friz
92%
4 150 000 Stuu
83%
3 810 000 reZigiusz
71%
3 640 000 SA Wardęga
45%
2 820 000 Naruciak
43%
3 450 000 AbstrachujeTV
36%
3 780 000 Bazylland
21%
3 080 000 Step Records
18%
2 710 000 DISCO MAREK
14%
Nie znaleziono quizów pasujących do podanych kryteriów
Rozkład punktacji
Procent ludzi z każdym wynikiem
Percentyl według liczby udzielonych odpowiedzi
Twoja historia wyników
Nie rozwiązałeś tego quizu